000 00473nam a2200181Ia 4500
001 14461
005 20260306164916.0
008 260306t2012||||xx |||||||||||||| ||spa||
041 _aESP
082 _a515.1
_bE88 T. 4
100 _aEspinoza Ramos, Eduardo
_eAUT
245 0 _aAnálisis matemático:
_bpara estudiantes de ciencias e ingenierías
260 _c2012
300 _a881 páginas :
_c21 cm.
650 _aGEN
654 _aCMA
942 _cLIB
_dJUS
_fJUS
_2ddc
_n
999 _c14461
_d14461